Can you name every Jenna Raine song? - Statistics

General Stats
  • This quiz has been taken 6 times
  • The average score is 44 of 48
Answer Stats
Album / Hint Answer % Correct
(Single B-Side) 2%
100%
A Letter to Me - EP A Letter to Me
100%
Big Dumb Heart, Chapter 1 - EP Bad Hearts
100%
Be Like You - EP Beautiful You
100%
Be Like You - EP Be Like You
100%
Big Dumb Heart
100%
(Collaboration) BITE THE BULLET (with Caleb Hearn)
100%
Big Dumb Heart, Chapter 1 - EP Crickets
100%
Big Dumb Heart, Chapter 2 - EP Cruise Control
100%
Only Started Growing - EP Good Grief
100%
Be Like You - EP Heart of a Kid
100%
Only Started Growing - EP Hitch Hiking
100%
Hypothetically
100%
(Single B-Side) If I Had the Summer
100%
Big Dumb Heart, Chapter 2 - EP It Is What It Is
100%
Just 15
100%
Be Like You - EP Lost at Sea
100%
Lovesick
100%
A Letter to Me - EP Mine
100%
(Single A-Side) My Escape
100%
A Letter to Me - EP Nen
100%
Only Started Growing - EP Never Too Late
100%
Big Dumb Heart, Chapter 2 - EP Nights Like These
100%
NOT AGAIN
100%
rent free
100%
Only Started Growing - EP Roses
100%
(Single A-Side) see you later (ten years)
100%
(Single A-Side) (Collaboration) see you later (ten years) [ft. JVKE]
100%
Big Dumb Heart, Chapter 1 - EP She's There
100%
Big Dumb Heart, Chapter 1 - EP Stupid Cupid
100%
Talk of the Town
100%
Be Like You - EP Technicolor
100%
A Letter to Me - EP Them
100%
A Letter to Me - EP Us
100%
Big Dumb Heart, Chapter 2 - EP What Are Friends For
100%
Only Started Growing - EP Who Am I
100%
A Letter to Me - EP You
100%
Be Like You - EP You Can Blame Me
100%
Only Started Growing - EP 21
67%
(Collaboration) Don't Let Me Down (with Joshua Bassett)
67%
Big Dumb Heart, Chapter 1 - EP Fade Away
67%
Fumbled the Bag
67%
(Collaboration) I Need You (with Gateway Kids Worship)
67%
(Collaboration) Sleigh Ride
67%
(Collaboration) Still Worthy (with Aodhán King)
67%
(Single A-Side) Happy X-Mas (War is Over)
33%
Have Yourself a Merry Little Christmas
33%
(Single B-Side) Mary Did You Know?
33%
No matching quizzes found
Score Distribution
Percent of People with Each Score
Percentile by Number Answered
Your Score History
You have not taken this quiz